000 00339nam a2200133Ia 4500
008 240624s9999 xx 000 0 und d
041 _aeng
082 _a332 CRO
100 _aCROWTHER DAVID
245 _aMANAGING FINANCE A SOCIALLY RESPONSIBLE
260 _c2007
_aNew Delhi
_bElsevier
300 _axii, : 364p. ; 22cm.
365 _cRS
_b33
999 _c4705
_d4705